01481 2200409 4500001002100000005001500021035002000036007000300056008004100059020002200100040002200122082001700144084001900161090002200180100002500202245025600227250003100483300003000514650003200544700002700576700003200603700002400635700003700659700003500696700003800731700003400769700002900803700004300832700003200875850001200907264003400919336002100953337003000974338002301004999002201027990002201049INLIS00000000086470020210916092624 a0010-0921000450ta210916t2021 yoi g p ind d a978-623-7212-94-2 aYOPDYOGbinderda04223a899.2211 a899.2211 JAK a aCB-D.11 2021-10110 aJaka Paliedepenulis10aAsa dalam kata :bmelangitkan harapan dalam sajak kehidupan /cJaka Palied, El Karzuni, Ririn Lestyorini, Ida Pramuwasti, Kholishotul Fauqiyah Umi Saptanti, Iriyanti Dwi Hapsari, Atik Rhama-dhan, Yunita Fitri handayani, Wetri Warni, Oktavia Prameswari aCetakan pertama, Juli 2021 axii, 120 halaman ;c21 cm 4aPuisi Indonesia--vKumpulan0 aIda Nurhayatiepenulis0 aOktavia Praweswariepenulis0 aEl Karzuniepenulis0 aRirin Lestyorinid1976-epenulis0 aIda Pramuwastiepenulisf1988-0 aKholishotul Fauqiyah Umi Saptanti0 aIriyanti Dwi Hapsariepenulis0 aAtik Rhama-dhanepenulis0 aYunita Fitri Handayanid1986-epenulis0 aWetri Warnid1976-epenulis aYOPDYOG31aBantul :bLintas Nalar,c2021 2rdacontentateks 2rdamediaatanpa perantara 2rdacarrieravolume aCB-D.11/2021-1011 aCB-D.11/2021-1011